Ferrer Pi, alcalde honorario / por Miguel Ansón
Publicado:
San Jorge, núm. 78 (2n trimestre 1970), pàg 112 :
MARC
| LEADER | 00000nam a2200000Ia 4500 | ||
|---|---|---|---|
| 001 | |||
| 008 | 160829s9999 xx 000 0 cat d | ||
| 100 | |a Ansón, Miguel |9 21597 | ||
| 245 | |a Ferrer Pi, alcalde honorario / por Miguel Ansón | ||
| 260 | |a San Jorge, núm. 78 (2n trimestre 1970), pàg 112 | ||
| 600 | 1 | 0 | |a Ferrer Pi, Antonio, |d 1911-2001 |9 46469 |
| 650 | 0 | |a Homenatges |9 21383 | |
| 650 | |a Alcaldes |x Vilanova i la Geltrú |9 40396 | ||
| 901 | |a Arxiu | ||
| 942 | |n 1 | ||
| 952 | |0 0 |1 0 |4 0 |7 1 |9 49787 |a Arxiu |b Arxiu |d 2016-12-01 |l 0 |r 2016-12-01 00:00:00 |w 2016-12-01 |y ARXIU | ||
| 999 | |c 53629 |d 53629 | ||